[Event "Hasta La Vista!"]
[Site "http://www.queenalice.com/game.php?id=653970"]
[Date "2009.9.18"]
[Round "-"]
[White "gmsanti"]
[Black "Obelek"]
[Result "0-1"]
[WhiteElo "2174"]
[BlackElo "2009"]

1. Nf3 Nf6 2. c4 e6 3. g3 d5 4. Bg2 dxc4 5. O-O c6 6. Qc2 Qd5 7. Rd1 Nbd7 8. d3
cxd3 9. Rxd3 Qf5 10. Nd4 Qh5 11. Bf3 Qc5 12. Qd1 Ne5 13. Nb3 Qe7 14. Rc3 Nxf3+
15. Rxf3 e5 16. Bg5 Bg4 17. Re3 h6 18. f4 hxg5 19. fxg5 Nd5 20. Rd3 Qxg5 21. Nc3
Nxc3 0-1

[Event "Hasta La Vista!"]
[Site "http://www.queenalice.com/game.php?id=653979"]
[Date "2009.9.18"]
[Round "-"]
[White "Obelek"]
[Black "gmsanti"]
[Result "1-0"]
[WhiteElo "2040"]
[BlackElo "2077"]

1. c4 Nf6 2. Nf3 g6 3. d4 Bg7 4. Nc3 O-O 5. e4 d6 6. Be2 Nbd7 7. O-O e5 8. dxe5
dxe5 9. Qc2 c6 10. Rd1 Qc7 11. b3 b6 12. Ba3 Re8 13. Bd6 Qb7 14. b4 c5 15. Nd5
Nxd5 16. cxd5 cxb4 17. Bb5 a5 18. Bc6 Qa7 19. Rac1 Bh6 20. Nxe5 f6 21. Ng4 Bxc1
22. Qxc1 Rf8 23. Bxf8 Kxf8 24. Qh6+ 1-0

[Event "The Blues"]
[Site "http://www.queenalice.com/game.php?id=655577"]
[Date "2009.9.20"]
[Round "-"]
[White "Obelek"]
[Black "bobifixer"]
[Result "1-0"]
[WhiteElo "2080"]
[BlackElo "1815"]

1. c4 Nf6 2. Nc3 e6 3. e4 d6 4. d4 e5 5. dxe5 dxe5 6. Qxd8+ Kxd8 7. Nf3 Nc6 8.
Ng5 Be6 9. Nxe6+ fxe6 10. Be3 Bb4 11. O-O-O+ Ke7 12. Na4 Rhd8 13. a3 Rxd1+ 14.
Kxd1 Rd8+ 15. Kc1 Ba5 16. b4 Nxb4 17. axb4 Bxb4 18. f3 Kf7 19. Be2 b6 20. c5 1-0

[Event "Let's Play Chess!"]
[Site "http://www.queenalice.com/game.php?id=655654"]
[Date "2009.9.20"]
[Round "-"]
[White "Bergman"]
[Black "Obelek"]
[Result "1-0"]
[WhiteElo "2882"]
[BlackElo "2009"]

1. d4 d5 2. c4 dxc4 3. e4 e5 4. Nf3 exd4 5. Bxc4 Nc6 6. O-O Nf6 7. e5 Ne4 8. Bb5
Bg4 9. h3 Bd7 10. Re1 a6 11. Ba4 Nc5 12. Bxc6 Bxc6 13. Nxd4 Qd5 14. Nxc6 Qxc6
15. Nc3 Rd8 16. Qg4 Qe6 17. Qg3 Rd7 18. Be3 Nd3 19. Re2 b5 20. Rd1 b4 21. Bg5
Qf5 22. Re3 bxc3 23. Rexd3 Rxd3 24. Qxd3 Qxd3 25. Rxd3 Be7 26. Bc1 cxb2 27. Bxb2
h5 28. e6 fxe6 29. Bxg7 Rh7 30. Be5 Bd6 31. Bxd6 Rd7 32. Ra3 Rxd6 33. Ra5 h4 34.
Kf1 Ke7 35. Ke2 Kf6 36. Ra4 Rb6 37. Ke3 Kg5 38. Rg4+ Kh5 39. g3 hxg3 40. fxg3
Rd6 41. Re4 Rb6 42. h4 Kg6 43. g4 c5 44. Kf4 Rc6 45. Rc4 Kh6 46. h5 a5 47. a4
1-0

[Event "Let's Play Chess!"]
[Site "http://www.queenalice.com/game.php?id=655662"]
[Date "2009.9.20"]
[Round "-"]
[White "Obelek"]
[Black "Bergman"]
[Result "0-1"]
[WhiteElo "1995"]
[BlackElo "2854"]

1. c4 c5 2. Nf3 Nf6 3. Nc3 Nc6 4. d4 cxd4 5. Nxd4 g6 6. e4 d6 7. Be2 Nxd4 8.
Qxd4 Bg7 9. O-O O-O 10. Qe3 Qb6 11. Qxb6 axb6 12. f4 Be6 13. f5 Bd7 14. g4 Bc6
15. Bf3 Nd7 16. Nd5 Bxd5 17. cxd5 Rfc8 18. g5 Rc2 19. Bd1 Rc4 20. Re1 Nc5 21.
Kf1 Be5 22. Bf3 Bxh2 23. Re2 Be5 24. Rb1 Rxa2 25. b4 Ra1 26. Rxa1 Bxa1 27. Bd2
Nb3 28. Be3 Rxb4 29. Ra2 Kg7 30. Ra8 Bd4 31. Bf4 Bc5 32. fxg6 hxg6 33. Kg2 Nd4
34. Bg4 Nc2 35. Re8 Rxe4 0-1

[Event "AUTO-MASTER-914"]
[Site "http://www.queenalice.com/game.php?id=656882"]
[Date "2009.9.23"]
[Round "1"]
[White "Moquiche"]
[Black "Obelek"]
[Result "1-0"]
[WhiteElo "2045"]
[BlackElo "1962"]

1. d4 d5 2. e3 Nf6 3. Nf3 e6 4. c4 Be7 5. Bd3 dxc4 6. Bxc4 c5 7. Qb3 Nc6 8. dxc5
Bxc5 9. Bd2 O-O 10. O-O Na5 11. Bxa5 Qxa5 12. Nc3 b6 13. a3 Bb7 14. Qd1 Rfd8 15.
Qe2 Be7 16. Bb5 a6 17. b4 Bxb4 18. axb4 Qxb4 19. Qc4 Qxc4 20. Bxc4 Bxf3 21. gxf3
Rac8 22. Rxa6 Rxc4 23. Nb5 Nd5 24. e4 Rb4 25. Na7 Ne7 26. Rc1 g5 27. Nc6 Nxc6
28. Rxc6 b5 29. Rc5 1-0

[Event "AUTO-MASTER-914"]
[Site "http://www.queenalice.com/game.php?id=656883"]
[Date "2009.9.23"]
[Round "1"]
[White "Obelek"]
[Black "Moquiche"]
[Result "0-1"]
[WhiteElo "1976"]
[BlackElo "2031"]

1. c4 c5 2. Nc3 e6 3. Nf3 d5 4. cxd5 exd5 5. d4 Nf6 6. Bg5 Be6 7. dxc5 Bxc5 8.
e3 O-O 9. Bd3 Nbd7 10. O-O h6 11. Bh4 Qc7 12. a3 Ng4 13. Bg3 Qc8 14. Nb5 Bxe3
15. h3 Bxf2+ 16. Bxf2 Nxf2 17. Rxf2 Nf6 18. Rc1 Qd8 19. Nc7 Rc8 20. Nxe6 fxe6
21. Rxc8 Qxc8 22. Qe1 a6 23. Rc2 Qd7 24. Nd4 Re8 25. Bg6 Rc8 26. Rxc8+ Qxc8 27.
Nxe6 Ne4 28. Nf4 Qc5+ 29. Kh1 Qf2 0-1

[Event "AUTO-MASTER-914"]
[Site "http://www.queenalice.com/game.php?id=656900"]
[Date "2009.9.23"]
[Round "1"]
[White "Obelek"]
[Black "miah14"]
[Result "1-0"]
[WhiteElo "2045"]
[BlackElo "2082"]

1. c4 e5 2. Nc3 d6 3. Nf3 Nf6 4. d4 e4 5. Ng5 c6 6. Ngxe4 Bf5 7. Nxf6+ Qxf6 8.
e4 Bg6 9. Qb3 b6 10. Qa4 Qxd4 11. Be3 Qe5 12. Nd5 Qxb2 13. Rd1 Bxe4 14. Nc7+ Kd8
15. Nxa8 d5 16. Qxa7 Bb4+ 17. Bd2 Bxd2+ 18. Rxd2 Qc1+ 19. Ke2 Qxc4+ 20. Kd1 Bc2+
21. Rxc2 Qd4+ 22. Rd2 Qf4 23. Bc4 Nd7 24. Bxd5 cxd5 25. Nxb6 1-0

[Event "AUTO-MASTER-914"]
[Site "http://www.queenalice.com/game.php?id=656901"]
[Date "2009.9.23"]
[Round "1"]
[White "miah14"]
[Black "Obelek"]
[Result "0-1"]
[WhiteElo "1901"]
[BlackElo "2062"]

1. c4 Nf6 2. Nc3 e5 3. e4 Bc5 4. h3 O-O 5. Nf3 d6 6. Be2 Nc6 7. a3 Nd4 8. Nxd4
Bxd4 9. d3 c6 10. O-O Be6 11. Kh2 Qb6 12. Na4 Qc7 13. Rb1 d5 14. f3 dxc4 15.
dxc4 Rfd8 16. Qc2 Nh5 17. Bg5 f6 18. Bd2 Qf7 19. b3 b6 20. Rbd1 Nf4 21. Bxf4
exf4 22. Nc3 Qg6 23. Bd3 Qg3+ 24. Kh1 Bxh3 25. gxh3 Qxh3+ 0-1

[Event "AUTO-MASTER-914"]
[Site "http://www.queenalice.com/game.php?id=656902"]
[Date "2009.9.23"]
[Round "1"]
[White "Obelek"]
[Black "arvo1938"]
[Result "0-1"]
[WhiteElo "2086"]
[BlackElo "1901"]

1. c4 c5 2. Nc3 Nc6 3. Nf3 g6 4. e3 Bg7 5. d4 cxd4 6. exd4 e6 7. Nb5 d5 8. Bf4
Kf8 9. Bc7 Qd7 10. Bd6+ Nge7 11. Ne5 Bxe5 12. dxe5 Kg7 13. Qf3 Nf5 14. cxd5 a6
15. dxc6 bxc6 16. Nc3 Bb7 17. Bc5 Rhd8 18. Qf4 h6 19. h4 a5 20. g4 Nd4 21. O-O-O
Qc7 22. Rxd4 Rxd4 23. Qxd4 a4 24. Qf4 Qd8 25. Ne4 Ra5 26. Be3 c5 27. Qxh6+ Kg8
28. Nf6+ Qxf6 0-1

[Event "AUTO-MASTER-914"]
[Site "http://www.queenalice.com/game.php?id=656903"]
[Date "2009.9.23"]
[Round "1"]
[White "arvo1938"]
[Black "Obelek"]
[Result "1-0"]
[WhiteElo "1924"]
[BlackElo "2061"]

1. Nf3 Nf6 2. b3 Nc6 3. Bb2 d5 4. e3 Bg4 5. Be2 e6 6. h3 Bh5 7. Ne5 Bxe2 8. Nxc6
Bxd1 9. Nxd8 Bxc2 10. Nxb7 Rb8 11. Na5 Kd7 12. Nc3 Bb4 13. Rc1 Bg6 14. Nc6 Kxc6
15. O-O Kd6 16. d4 Rhc8 17. Rfd1 c5 18. dxc5+ Bxc5 19. g4 h6 20. Kg2 a6 21. Ne2
Bb6 22. Nc3 Ba7 23. Ne2 Bc2 24. Rd2 Be4+ 25. Kg3 Rxc1 26. Bxc1 e5 27. Nc3 Rc8
28. Bb2 Ke6 29. h4 Bh7 30. Kf3 1-0

[Event "Let's Play Chess!"]
[Site "http://www.queenalice.com/game.php?id=669094"]
[Date "2009.10.18"]
[Round "-"]
[White "pegasusapril"]
[Black "Obelek"]
[Result "0-1"]
[WhiteElo "1496"]
[BlackElo "2080"]

1. e4 e5 2. Nf3 Nf6 3. d3 Nc6 4. Be2 d5 5. exd5 Nxd5 6. O-O Bd6 7. c3 O-O 8. Re1
a5 9. d4 exd4 10. Nxd4 Nxd4 11. Qxd4 Re8 0-1

[Event "Challenge"]
[Site "http://www.queenalice.com/game.php?id=674068"]
[Date "2009.10.28"]
[Round "-"]
[White "Obelek"]
[Black "KLEOJ"]
[Result "0-1"]
[WhiteElo "2072"]
[BlackElo "2101"]

1. c4 e5 2. Nc3 Nf6 3. Nf3 Nc6 4. d4 exd4 5. Nxd4 Bc5 6. Nxc6 bxc6 7. g3 d5 8.
Bg2 O-O 9. cxd5 cxd5 10. Nxd5 Be6 11. Nc3 Qxd1+ 12. Nxd1 Rad8 13. Bg5 Be7 14.
Nc3 a6 15. Rc1 h6 16. Bf4 Rb8 17. b3 Ba3 18. Rc2 Bb4 19. O-O Bd6 20. Bxd6 cxd6
21. Rd1 Rfd8 22. e3 d5 23. Ne2 Rbc8 24. Rdc1 Rxc2 25. Rxc2 Rc8 26. Nd4 Rxc2 27.
Nxc2 Bf5 28. Nb4 a5 29. Nc6 Kf8 30. Nxa5 Ke8 31. Nc6 Kd7 32. Nd4 Bd3 33. a4 Kd6
34. b4 g6 35. a5 Kc7 36. b5 Kd6 37. Bh3 Kc5 0-1

[Event "Let's Play Chess!"]
[Site "http://www.queenalice.com/game.php?id=675918"]
[Date "2009.11.2"]
[Round "-"]
[White "Abstro"]
[Black "Obelek"]
[Result "0-1"]
[WhiteElo "1769"]
[BlackElo "2040"]

1. g4 d5 2. e3 e5 3. d4 Nc6 4. Nc3 e4 5. h3 h5 6. Be2 hxg4 7. Bxg4 Bxg4 8. Qxg4
Nh6 9. Qg2 Nb4 10. a3 Nxc2+ 0-1

[Event "Challenge"]
[Site "http://www.queenalice.com/game.php?id=699018"]
[Date "2009.12.16"]
[Round "-"]
[White "Obelek"]
[Black "KLEOJ"]
[Result "0-1"]
[WhiteElo "1985"]
[BlackElo "2159"]

1. c4 e5 2. Nc3 f5 3. d4 e4 4. Nh3 Nf6 5. Bf4 Be7 6. e3 O-O 7. Be2 d6 8. O-O h6
9. Bg3 Qe8 10. Qb3 c6 11. Bxd6 Kh8 12. Bxe7 Qxe7 0-1